|
|
|
|
| LEADER |
00000cam a2200000 7i4500 |
| 001 |
0000003724 |
| 005 |
20110422.0 |
| 020 |
0 |
0 |
|a 9789675221422
|
| 090 |
0 |
0 |
|a 634.9095
|b FRIM 2010
|
| 245 |
0 |
0 |
|a FRIM :
|b Tapak warisan semula jadi negara
|c editor I.Shamsudin et. [at...]
|
| 260 |
0 |
0 |
|a Kepong, Selangor :
|b Institut Penyelidikan Perhutanan Malaysia ,
|c 2010
|
| 300 |
|
|
|a 185 p. :
|b col. ill. ;
|c 22cm.
|
| 650 |
0 |
0 |
|a Forest management---Malaysia
|
| 650 |
0 |
0 |
|a Forests and forestry---Malaysia
|
| 650 |
0 |
0 |
|a Institut Penyelidikan Perhutanan Malaysia---History
|
| 700 |
1 |
1 |
|a H. Ismail
|
| 700 |
1 |
1 |
|a H.Khali Aziz
|
| 700 |
1 |
1 |
|a I. Shamsudin
|
| 700 |
1 |
1 |
|a M. Adnan
|
| 700 |
1 |
1 |
|a N.M Nik Zanariah
|
| 700 |
1 |
1 |
|a O. Hamdan
|
| 700 |
1 |
1 |
|a P.Ismail
|
| 700 |
1 |
1 |
|a Y.Ahmad Zuhaidi
|
| 999 |
|
|
|a 007595
|b Monograph
|c Open Shelf
|e Default branch
|